Normal view
MARC view
- CERAMIC MATERIALS FOR ELECTRONICS.CERAMIC TECHNOLOGY.CERAMIC SENSORS
Entry Topical Term
001 - CONTROL NUMBER
- control field: 58852
003 - CONTROL NUMBER IDENTIFIER
- control field: NUST
005 - DATE AND TIME OF LATEST TRANSACTION
- control field: 20210628202225.0
008 - FIXED-LENGTH DATA ELEMENTS
- fixed length control field: 210628|| aca||aabn | a|a d
040 ## - CATALOGING SOURCE
- Original cataloging agency: NUST
- Transcribing agency: NUST
150 ## - HEADING--TOPICAL TERM
- Topical term or geographic name entry element: CERAMIC MATERIALS FOR ELECTRONICS.CERAMIC TECHNOLOGY.CERAMIC SENSORS
670 ## - SOURCE DATA FOUND
- Source citation: Work cat.: (NUST): Buchanan , Relva . C 58851, Ceramic materials for electronics ,revised and expanded, 2004
